[Event "Asian Nations Cup"]
[Site "http://asianchess.com/live/mnations/anco/"]
[Date "2016.04.02"]
[Round "6"]
[Board "4"]
[White "Al-Takrori, Husam"]
[Black "Salim, Mohammed Salim Al Amri "]
[Result "0-1"]
[WhiteElo "2007"]
[BlackElo "2038"]
[PlyCount "0"]
[EventDate "2016.03.28"]
[EventType "team"]
[EventRounds "9"]
[EventCountry "UAE"]
[WhiteTeam "Palestine"]
[BlackTeam "Oman"]

1. e4 {[%clk 1:30:53]} c5 {[%clk 1:30:52]} 2. Nc3 {[%clk 1:30:52]} a6
{[%clk 1:30:56]} 3. g3 {[%clk 1:31:02]} b5 {[%clk 1:31:13]} 4. Bg2
{[%clk 1:31:15]} Bb7 {[%clk 1:31:35]} 5. d3 {[%clk 1:31:34]} e6 {[%clk 1:31:55]}
6. Nge2 {[%clk 1:25:07]} d6 {[%clk 1:28:39]} 7. O-O {[%clk 1:25:00]} Nf6
{[%clk 1:28:42]} 8. h3 {[%clk 1:24:37]} Be7 {[%clk 1:28:52]} 9. f4
{[%clk 1:24:38]} Qc7 {[%clk 1:24:47]} 10. a4 {[%clk 1:20:28]} b4 {[%clk 1:25:05]}
11. Nb1 {[%clk 1:20:48]} Nbd7 {[%clk 1:24:18]} 12. b3 {[%clk 1:14:15]} O-O
{[%clk 1:23:24]} 13. g4 {[%clk 1:11:41]} h6 {[%clk 1:21:38]} 14. Nd2
{[%clk 1:06:04]} Nh7 {[%clk 1:16:31]} 15. Bb2 {[%clk 1:05:09]} f5
{[%clk 1:15:37]} 16. Qe1 {[%clk 1:02:15]} fxe4 {[%clk 1:07:06]} 17. Nxe4
{[%clk 0:53:01]} d5 {[%clk 1:05:16]} 18. Nd2 {[%clk 0:51:30]} Bd6
{[%clk 0:53:25]} 19. Ng3 {[%clk 0:36:46]} Rae8 {[%clk 0:52:19]} 20. Nh5
{[%clk 0:33:47]} Re7 {[%clk 0:38:46]} 21. Qh4 {[%clk 0:31:16]} Ref7
{[%clk 0:32:47]} 22. Nxg7 {[%clk 0:18:25]} Rxg7 {[%clk 0:32:08]} 23. Bxg7
{[%clk 0:17:35]} Kxg7 {[%clk 0:31:49]} 24. f5 {[%clk 0:13:17]} Ndf6
{[%clk 0:30:31]} 25. Qe1 {[%clk 0:10:49]} Bg3 {[%clk 0:29:00]} 26. Qe2
{[%clk 0:09:24]} e5 {[%clk 0:27:22]} 27. Rad1 {[%clk 0:05:52]} Ng5
{[%clk 0:25:54]} 28. Nf3 {[%clk 0:06:19]} e4 {[%clk 0:22:14]} 29. Nxg5
{[%clk 0:01:46]} hxg5 {[%clk 0:22:23]} 30. d4 {[%clk 0:02:06]} cxd4
{[%clk 0:21:32]} 31. Rxd4 {[%clk 0:01:39]} Qc5 {[%clk 0:19:30]} 32. Rfd1
{[%clk 0:02:04]} Be5 {[%clk 0:17:47]} 33. Qe3 {[%clk 0:02:10]} Bxd4
{[%clk 0:12:05]} 34. Rxd4 {[%clk 0:02:33]} Kf7 {[%clk 0:09:27]} 35. Qd2
{[%clk 0:01:07]} a5 {[%clk 0:08:40]} 36. Bf1 {[%clk 0:01:02]} Rc8
{[%clk 0:07:14]} 37. Kh1 {[%clk 0:01:02]} Qc3 {[%clk 0:05:44]} 38. Qxc3
{[%clk 0:00:35]} Rxc3 {[%clk 0:05:53]} 39. Rd2 {[%clk 0:00:38]} Ke7
{[%clk 0:04:06]} 40. Bg2 {[%clk 0:00:43]} Kd6 {[%clk 0:04:15]} 41. h4
{[%clk 0:00:46]} e3 {[%clk 0:03:57]} 42. Re2 {[%clk 0:29:13]} gxh4
{[%clk 0:34:46]} 43. g5 {[%clk 0:29:27]} Nh5 {[%clk 0:35:09]} 44. Kh2
{[%clk 0:26:28]} Nf4 {[%clk 0:35:21]} 45. g6 {[%clk 0:24:38]} Ke7
{[%clk 0:35:27]} 46. Re1 {[%clk 0:17:58]} Rxc2 {[%clk 0:34:10]} 47. Rxe3+
{[%clk 0:18:27]} Kf6 {[%clk 0:34:25]} 48. g7 {[%clk 0:18:34]} Rxg2+
{[%clk 0:34:38]} 49. Kh1 {[%clk 0:19:01]} d4 {[%clk 0:31:48]} 50. g8=Q
{[%clk 0:17:28]} Rxg8+ {[%clk 0:31:32]} 51. Kh2 {[%clk 0:17:57]} Rg2+
{[%clk 0:31:37]} 52. Kh1 {[%clk 0:18:23]} Ne2 {[%clk 0:30:50]} 53. Re6+
{[%clk 0:18:26]} Kf7 {[%clk 0:31:06]} 54. Rxe2 {[%clk 0:18:02]} Rxe2+
{[%clk 0:31:26]} 55. Kg1 {[%clk 0:18:28]} 0-1

[Event "Asian Nations Cup"]
[Site "http://asianchess.com/live/mnations/anco/"]
[Date "2016.04.02"]
[Round "6"]
[Board "4"]
[White "Antonova, Nadezhda"]
[Black "Alattar, Ghayda M."]
[Result "1/2-1/2"]
[WhiteElo "1956"]
[BlackElo "1952"]
[PlyCount "0"]
[EventDate "2016.03.28"]
[EventType "team"]
[EventRounds "9"]
[EventCountry "UAE"]
[WhiteTeam "Tajikistan"]
[BlackTeam "Jordan"]

1. d4 Nf6 2. Nf3 c5 3. d5 g6 4. Nc3 Bg7 5. e4 d6 6. Bb5+ Nfd7 7. a4 O-O 8. O-O
Na6 9. Re1 Nb4 10. Nb1 Nf6 11. c3 Na6 12. Bg5 h6 13. Bf4 Nc7 14. Qd2 Kh7 15. Na3
Nxb5 16. axb5 b6 17. h3 g5 18. e5 dxe5 19. Bxe5 Qxd5 20. Qc2+ Kg8 21. Rad1 Qb7
22. Nh2 Be6 23. f4 Rfd8 24. fxg5 hxg5 25. Rd3 Rxd3 26. Qxd3 Qd5 27. Qe3 Nh7 28.
Nf3 Bxe5 29. Nxe5 Rd8 30. Nac4 Re8 31. Nd2 Bc8 32. Ndf3 f6 33. Nc6 e5 34. Re2
Qd1+ 35. Kh2 Qb3 36. Nxa7 Bf5 37. g4 Be6 38. Qe4 Nf8 39. Rd2 Qa2 40. Nc6 Kg7 41.
h4 gxh4 42. g5 f5 43. Qxh4 Bd5 44. Nfxe5 Bxc6 45. Qh6+ Kg8 46. Nxc6 Qc4 47. Qd6
Re2+ 48. Rxe2 Qxe2+ 49. Kg1 Qe1+ 50. Kg2 Qe2+ 51. Qe5 1/2-1/2

[Event "Asian Nations Cup"]
[Site "http://asianchess.com/live/mnations/anco/"]
[Date "2016.04.02"]
[Round "6"]
[Board "3"]
[White "Mehrad, Ahmad Tamim"]
[Black "Al Azmi, Khalaf"]
[Result "1-0"]
[WhiteElo "1988"]
[BlackElo "1842"]
[PlyCount "0"]
[EventDate "2016.03.28"]
[EventType "team"]
[EventRounds "9"]
[EventCountry "UAE"]
[WhiteTeam "Afghanistan"]
[BlackTeam "Kuwait"]

1. d4 {[%clk 1:30:53]} Nf6 {[%clk 1:30:15]} 2. c4 {[%clk 1:31:18]} e5
{[%clk 1:30:12]} 3. dxe5 {[%clk 1:29:55]} Ng4 {[%clk 1:30:35]} 4. e6
{[%clk 1:21:53]} fxe6 {[%clk 1:28:42]} 5. e4 {[%clk 1:19:59]} Ne5
{[%clk 1:24:18]} 6. Be3 {[%clk 1:16:39]} Bb4+ {[%clk 1:24:02]} 7. Nc3
{[%clk 1:15:17]} O-O {[%clk 1:24:05]} 8. f4 {[%clk 1:11:30]} Ng6 {[%clk 1:23:12]}
9. g3 {[%clk 1:05:08]} b6 {[%clk 1:18:16]} 10. Nge2 {[%clk 1:04:30]} Bb7
{[%clk 1:15:59]} 11. Bg2 {[%clk 1:04:43]} Qe7 {[%clk 1:12:38]} 12. Qd2
{[%clk 1:01:21]} Na6 {[%clk 1:10:47]} 13. a3 {[%clk 0:57:29]} Bc5
{[%clk 1:08:52]} 14. b4 {[%clk 0:53:58]} Bxe3 {[%clk 1:07:58]} 15. Qxe3
{[%clk 0:54:17]} c5 {[%clk 1:07:29]} 16. b5 {[%clk 0:53:41]} Nc7 {[%clk 1:07:09]}
17. Rd1 {[%clk 0:38:17]} Rad8 {[%clk 1:02:01]} 18. Qd2 {[%clk 0:33:38]} Qf7
{[%clk 0:57:24]} 19. O-O {[%clk 0:32:42]} Kh8 {[%clk 0:55:09]} 20. a4
{[%clk 0:27:03]} d5 {[%clk 0:46:25]} 21. exd5 {[%clk 0:14:50]} exd5
{[%clk 0:45:26]} 22. Nxd5 {[%clk 0:14:44]} Ne7 {[%clk 0:42:04]} 23. Nec3
{[%clk 0:15:00]} Nf5 {[%clk 0:35:05]} 24. Rfe1 {[%clk 0:11:42]} Rd7
{[%clk 0:30:08]} 25. Re5 {[%clk 0:10:47]} Rfd8 {[%clk 0:27:24]} 26. Bh3
{[%clk 0:08:02]} Nd4 {[%clk 0:24:42]} 27. Bg2 {[%clk 0:06:39]} Nxd5
{[%clk 0:23:55]} 28. cxd5 {[%clk 0:04:21]} Bxd5 {[%clk 0:23:29]} 29. Nxd5
{[%clk 0:03:05]} Rxd5 {[%clk 0:22:43]} 30. Bxd5 {[%clk 0:01:52]} Rxd5
{[%clk 0:22:20]} 31. Qa2 {[%clk 0:00:51]} c4 {[%clk 0:13:54]} 32. Qxc4
{[%clk 0:00:52]} Nf3+ {[%clk 0:13:16]} 33. Kf2 {[%clk 0:00:52]} Nxe5
{[%clk 0:09:58]} 34. Qxd5 {[%clk 0:00:33]} Ng4+ {[%clk 0:09:59]} 35. Kg1
{[%clk 0:00:53]} Qxd5 {[%clk 0:07:04]} 36. Rxd5 {[%clk 0:01:17]} Kg8
{[%clk 0:06:51]} 37. Rd8+ {[%clk 0:01:38]} Kf7 {[%clk 0:07:06]} 38. Rd7+
{[%clk 0:02:02]} Kf6 {[%clk 0:06:23]} 39. Rxa7 {[%clk 0:02:24]} Ne3
{[%clk 0:06:28]} 40. Ra6 {[%clk 0:02:31]} Nc4 {[%clk 0:06:46]} 41. a5
{[%clk 0:02:50]} 1-0

[Event "Asian Nations Cup"]
[Site "http://asianchess.com/live/mnations/anco/"]
[Date "2016.04.03"]
[Round "7"]
[Board "1"]
[White "Bu, Xiangzhi"]
[Black "Jumabayev, Rinat"]
[Result "1/2-1/2"]
[WhiteElo "2724"]
[BlackElo "2607"]
[PlyCount "0"]
[EventDate "2016.03.28"]
[EventType "team"]
[EventRounds "9"]
[EventCountry "UAE"]
[WhiteTeam "China"]
[BlackTeam "Kazakhstan"]

1. Nf3 {[%clk 1:30:54]} Nf6 {[%clk 1:30:46]} 2. c4 {[%clk 1:31:15]} g6
{[%clk 1:31:10]} 3. Nc3 {[%clk 1:31:25]} d5 {[%clk 1:31:29]} 4. cxd5
{[%clk 1:31:52]} Nxd5 {[%clk 1:31:55]} 5. Qa4+ {[%clk 1:31:13]} Bd7
{[%clk 1:32:18]} 6. Qh4 {[%clk 1:26:11]} Bc6 {[%clk 1:32:00]} 7. d3
{[%clk 1:22:20]} Bg7 {[%clk 1:13:20]} 8. Bd2 {[%clk 1:14:11]} O-O
{[%clk 1:12:55]} 9. Rc1 {[%clk 1:06:21]} e5 {[%clk 1:10:03]} 10. Qxd8
{[%clk 1:00:08]} Rxd8 {[%clk 1:09:58]} 11. a3 {[%clk 0:59:49]} a5
{[%clk 1:03:21]} 12. Nxd5 {[%clk 0:49:31]} Rxd5 {[%clk 1:00:29]} 13. e4
{[%clk 0:49:24]} Rd7 {[%clk 0:56:10]} 14. Be2 {[%clk 0:49:16]} b6
{[%clk 0:41:09]} 15. Bc3 {[%clk 0:38:24]} Re7 {[%clk 0:38:27]} 16. O-O
{[%clk 0:38:27]} Bb5 {[%clk 0:38:38]} 17. b3 {[%clk 0:34:47]} Na6
{[%clk 0:32:34]} 18. a4 {[%clk 0:27:10]} Bd7 {[%clk 0:31:02]} 19. d4
{[%clk 0:26:43]} exd4 {[%clk 0:25:27]} 20. Bxd4 {[%clk 0:27:05]} Bg4
{[%clk 0:17:52]} 21. Bxa6 {[%clk 0:22:41]} Rxa6 {[%clk 0:17:30]} 22. Bxg7
{[%clk 0:22:01]} Kxg7 {[%clk 0:17:58]} 23. h3 {[%clk 0:18:56]} Bc8
{[%clk 0:17:34]} 24. Rfd1 {[%clk 0:18:03]} Ra8 {[%clk 0:17:49]} 25. Nd2
{[%clk 0:17:48]} Rd7 {[%clk 0:15:32]} 26. Nc4 {[%clk 0:13:20]} Rxd1+
{[%clk 0:15:26]} 27. Rxd1 {[%clk 0:13:49]} Be6 {[%clk 0:15:55]} 28. f3
{[%clk 0:13:51]} b5 {[%clk 0:14:03]} 29. axb5 {[%clk 0:13:19]} Rb8
{[%clk 0:03:15]} 30. Na3 {[%clk 0:13:11]} Bxb3 {[%clk 0:03:21]} 31. Rc1
{[%clk 0:13:37]} Rb7 {[%clk 0:01:54]} 32. Kf2 {[%clk 0:09:09]} Kf8
{[%clk 0:01:51]} 33. Ke3 {[%clk 0:09:14]} Ke7 {[%clk 0:02:14]} 34. Kd4
{[%clk 0:02:36]} Kd7 {[%clk 0:02:26]} 35. Kc5 {[%clk 0:02:47]} Rb6
{[%clk 0:02:46]} 36. Rc3 {[%clk 0:03:06]} a4 {[%clk 0:01:45]} 37. Nc4
{[%clk 0:03:18]} Bxc4 {[%clk 0:00:59]} 38. Rxc4 {[%clk 0:03:44]} a3
{[%clk 0:01:24]} 39. Ra4 {[%clk 0:03:47]} Rd6 {[%clk 0:01:23]} 40. Rxa3
{[%clk 0:04:14]} Rd2 {[%clk 0:01:48]} 41. g3 {[%clk 0:03:56]} Rc2+
{[%clk 0:25:45]} 42. Kd4 {[%clk 0:34:01]} Rb2 {[%clk 0:26:06]} 43. Kc4
{[%clk 0:33:54]} Rc2+ {[%clk 0:23:28]} 44. Rc3 {[%clk 0:33:45]} Rh2
{[%clk 0:17:00]} 45. h4 {[%clk 0:34:03]} Kd6 {[%clk 0:14:03]} 46. f4
{[%clk 0:33:26]} Rg2 {[%clk 0:12:29]} 47. h5 {[%clk 0:24:52]} gxh5
{[%clk 0:09:35]} 48. Kd4 {[%clk 0:25:20]} Rd2+ {[%clk 0:04:06]} 49. Ke3
{[%clk 0:25:44]} Rb2 {[%clk 0:04:18]} 50. Rc6+ {[%clk 0:25:46]} Kd7
{[%clk 0:04:34]} 51. Rc5 {[%clk 0:26:05]} Rb3+ {[%clk 0:04:54]} 52. Kf2
{[%clk 0:22:00]} Rb4 {[%clk 0:04:57]} 53. Kf3 {[%clk 0:21:10]} Rb3+
{[%clk 0:05:15]} 54. Kg2 {[%clk 0:21:36]} Rb4 {[%clk 0:05:41]} 55. Rd5+
{[%clk 0:21:07]} Ke7 {[%clk 0:05:55]} 56. Re5+ {[%clk 0:21:24]} Kf6
{[%clk 0:01:26]} 57. Kh3 {[%clk 0:21:10]} Kg6 {[%clk 0:01:27]} 58. Kh4
{[%clk 0:11:17]} h6 {[%clk 0:01:53]} 59. Rc5 {[%clk 0:05:05]} Rxe4
{[%clk 0:02:12]} 60. Rc6+ {[%clk 0:05:09]} f6 {[%clk 0:02:20]} 61. Rxc7
{[%clk 0:05:36]} Re1 {[%clk 0:02:12]} 62. Kh3 {[%clk 0:05:39]} Rb1
{[%clk 0:02:28]} 63. Rb7 {[%clk 0:05:30]} Kf5 {[%clk 0:02:18]} 64. Rh7
{[%clk 0:04:59]} Kg6 {[%clk 0:02:40]} 65. Rb7 {[%clk 0:05:26]} Kf5
{[%clk 0:03:05]} 66. Rh7 {[%clk 0:05:26]} Ke5 1/2-1/2

[Event "Asian Nations Cup"]
[Site "http://asianchess.com/live/mnations/anco/"]
[Date "2016.04.03"]
[Round "7"]
[Board "4"]
[White "Subasinghe, K R V R"]
[Black "Bilguun, Sumiya"]
[Result "1-0"]
[WhiteElo "1984"]
[BlackElo "2363"]
[PlyCount "0"]
[EventDate "2016.03.28"]
[EventType "team"]
[EventRounds "9"]
[EventCountry "UAE"]
[WhiteTeam "Sri Lanka"]
[BlackTeam "Mongolia"]

1. e4 {[%clk 1:30:28]} c5 {[%clk 1:30:49]} 2. b3 {[%clk 1:30:04]} Nf6
{[%clk 1:27:30]} 3. d3 {[%clk 1:26:13]} Nc6 {[%clk 1:15:22]} 4. Bb2
{[%clk 1:24:47]} e5 {[%clk 1:14:48]} 5. Nd2 {[%clk 1:19:22]} d6 {[%clk 1:10:32]}
6. Ne2 {[%clk 1:15:47]} g6 {[%clk 1:01:55]} 7. Ng3 {[%clk 1:08:04]} Bg7
{[%clk 1:01:14]} 8. Be2 {[%clk 1:07:56]} h5 {[%clk 1:00:13]} 9. Ngf1
{[%clk 1:03:43]} d5 {[%clk 0:59:28]} 10. exd5 {[%clk 1:01:20]} Nxd5
{[%clk 0:59:40]} 11. Bf3 {[%clk 1:00:17]} Bh6 {[%clk 0:49:11]} 12. Bxd5
{[%clk 0:57:26]} Qxd5 {[%clk 0:49:27]} 13. Ne4 {[%clk 0:57:10]} Qd8
{[%clk 0:49:44]} 14. Ne3 {[%clk 0:51:34]} f5 {[%clk 0:48:54]} 15. Nd2
{[%clk 0:51:16]} Be6 {[%clk 0:46:00]} 16. O-O {[%clk 0:46:23]} Qc7
{[%clk 0:45:50]} 17. Nec4 {[%clk 0:45:12]} O-O-O {[%clk 0:45:32]} 18. Re1
{[%clk 0:43:51]} Bxc4 {[%clk 0:43:51]} 19. Nxc4 {[%clk 0:44:07]} Rhe8
{[%clk 0:44:08]} 20. Qf3 {[%clk 0:39:14]} h4 {[%clk 0:41:17]} 21. a4
{[%clk 0:37:08]} Kb8 {[%clk 0:35:57]} 22. Rab1 {[%clk 0:36:02]} Bg7
{[%clk 0:32:41]} 23. Qe3 {[%clk 0:34:26]} Nb4 {[%clk 0:31:02]} 24. Re2
{[%clk 0:33:18]} Nd5 {[%clk 0:31:04]} 25. Qg5 {[%clk 0:32:37]} Bf6
{[%clk 0:28:43]} 26. Qd2 {[%clk 0:27:06]} Nf4 {[%clk 0:19:24]} 27. Re3
{[%clk 0:24:48]} Nd5 {[%clk 0:18:46]} 28. Re2 {[%clk 0:25:08]} e4
{[%clk 0:18:22]} 29. Bxf6 {[%clk 0:22:08]} Nxf6 {[%clk 0:18:47]} 30. h3
{[%clk 0:20:13]} f4 {[%clk 0:18:34]} 31. Rbe1 {[%clk 0:18:24]} e3
{[%clk 0:12:03]} 32. fxe3 {[%clk 0:11:21]} Ne4 {[%clk 0:11:52]} 33. dxe4
{[%clk 0:11:26]} Rxd2 {[%clk 0:12:07]} 34. Rxd2 {[%clk 0:11:35]} f3
{[%clk 0:09:23]} 35. e5 {[%clk 0:10:26]} Rxe5 {[%clk 0:09:25]} 36. Nxe5
{[%clk 0:08:32]} Qxe5 {[%clk 0:09:54]} 37. Rf2 {[%clk 0:06:05]} Qg3
{[%clk 0:09:55]} 38. e4 {[%clk 0:05:31]} g5 {[%clk 0:09:34]} 39. Re3
{[%clk 0:04:48]} Qe5 {[%clk 0:06:05]} 40. Rfxf3 {[%clk 0:05:05]} a5
{[%clk 0:05:53]} 41. Re2 {[%clk 0:04:37]} c4 {[%clk 0:04:19]} 42. bxc4
{[%clk 0:02:56]} Qd4+ {[%clk 0:01:00]} 43. Rfe3 {[%clk 0:00:58]} Qe5
{[%clk 0:01:22]} 44. Kh1 {[%clk 0:00:37]} Ka7 {[%clk 0:01:42]} 45. Re1
{[%clk 0:29:47]} Kb8 {[%clk 0:30:55]} 46. Rb3 {[%clk 0:26:53]} Kc8
{[%clk 0:30:34]} 47. Rd3 {[%clk 0:25:35]} Kb8 {[%clk 0:30:19]} 48. c3
{[%clk 0:25:24]} Kc7 {[%clk 0:29:47]} 49. Ree3 {[%clk 0:25:04]} Kb8
{[%clk 0:28:11]} 50. Rd4 {[%clk 0:24:45]} Qf4 {[%clk 0:28:41]} 51. Rf3
{[%clk 0:23:17]} Qc1+ {[%clk 0:28:15]} 52. Kh2 {[%clk 0:23:40]} Qe1
{[%clk 0:28:12]} 53. Rd5 {[%clk 0:21:36]} Qxe4 {[%clk 0:28:17]} 54. Rxg5
{[%clk 0:21:47]} Qxc4 {[%clk 0:28:34]} 55. Rg4 {[%clk 0:22:05]} Qc7+
{[%clk 0:28:32]} 56. Rff4 {[%clk 0:22:27]} Qxc3 {[%clk 0:28:50]} 57. Rxh4
{[%clk 0:22:50]} Qe5 {[%clk 0:29:14]} 58. Rhg4 {[%clk 0:21:35]} b5
{[%clk 0:29:19]} 59. axb5 {[%clk 0:21:29]} a4 {[%clk 0:29:33]} 60. Kg1
{[%clk 0:18:27]} Qe3+ {[%clk 0:29:43]} 61. Kh2 {[%clk 0:17:47]} Qe5
{[%clk 0:30:03]} 62. Kg1 {[%clk 0:14:33]} Qe3+ {[%clk 0:29:45]} 63. Rf2
{[%clk 0:13:13]} a3 {[%clk 0:29:17]} 64. Ra4 {[%clk 0:13:28]} Kb7
{[%clk 0:23:09]} 65. Ra6 {[%clk 0:13:27]} Kc7 {[%clk 0:15:18]} 66. h4
{[%clk 0:13:07]} Kc8 {[%clk 0:13:01]} 67. Rc6+ {[%clk 0:10:46]} Kb7
{[%clk 0:13:07]} 68. Rcc2 {[%clk 0:11:12]} Kb6 {[%clk 0:13:03]} 69. Kh2
{[%clk 0:11:26]} Qe5+ {[%clk 0:12:42]} 70. g3 {[%clk 0:11:41]} Kxb5
{[%clk 0:12:42]} 71. Ra2 {[%clk 0:11:49]} Qe3 {[%clk 0:07:21]} 72. Kg2
{[%clk 0:10:39]} Qb3 {[%clk 0:07:41]} 73. Rac2 {[%clk 0:11:01]} Qd5+
{[%clk 0:07:35]} 74. Kh2 {[%clk 0:11:18]} Kb4 {[%clk 0:07:11]} 75. Rcd2
{[%clk 0:11:10]} Qe5 {[%clk 0:06:37]} 76. Rf4+ {[%clk 0:10:25]} Kc3
{[%clk 0:06:30]} 77. Ra2 {[%clk 0:10:34]} Kb3 {[%clk

[Event "Asian Nations Cup"]
[Site "http://asianchess.com/live/mnations/anco/"]
[Date "2016.04.03"]
[Round "7"]
[Board "3"]
[White "Tamra, Attallah"]
[Black "Boshra, Alshaeby"]
[Result "1-0"]
[WhiteElo "2058"]
[BlackElo "2021"]
[PlyCount "0"]
[EventDate "2016.03.28"]
[EventType "team"]
[EventRounds "9"]
[EventCountry "UAE"]
[WhiteTeam "Palestine"]
[BlackTeam "Jordan"]

1. Nf3 {[%clk 1:26:32]} g6 {[%clk 1:30:54]} 2. g3 {[%clk 1:26:44]} Bg7
{[%clk 1:31:19]} 3. d4 {[%clk 1:26:20]} c5 {[%clk 1:30:01]} 4. c4
{[%clk 1:22:13]} Nf6 {[%clk 1:27:52]} 5. Nc3 {[%clk 1:21:43]} b6 {[%clk 1:21:07]}
6. e4 {[%clk 1:11:21]} cxd4 {[%clk 1:15:19]} 7. Nxd4 {[%clk 1:10:45]} Bb7
{[%clk 1:15:32]} 8. Bg2 {[%clk 1:11:08]} O-O {[%clk 1:15:41]} 9. O-O
{[%clk 1:11:28]} Nc6 {[%clk 0:52:34]} 10. e5 {[%clk 1:06:12]} Ne8
{[%clk 0:52:45]} 11. Nxc6 {[%clk 1:05:53]} Bxc6 {[%clk 0:52:20]} 12. Bxc6
{[%clk 1:06:02]} dxc6 {[%clk 0:52:49]} 13. f4 {[%clk 1:06:21]} f6
{[%clk 0:44:11]} 14. Qa4 {[%clk 0:56:38]} Qc7 {[%clk 0:24:54]} 15. Ne4
{[%clk 0:48:04]} Rd8 {[%clk 0:16:10]} 16. c5 {[%clk 0:44:41]} h6 {[%clk 0:11:44]}
17. Be3 {[%clk 0:44:38]} b5 {[%clk 0:06:30]} 18. Qb3+ {[%clk 0:44:35]} Kh7
{[%clk 0:06:52]} 19. exf6 {[%clk 0:32:49]} Nxf6 {[%clk 0:07:13]} 20. Nxf6+
{[%clk 0:33:12]} Bxf6 {[%clk 0:07:22]} 21. Rad1 {[%clk 0:32:42]} Kg7
{[%clk 0:07:29]} 22. f5 {[%clk 0:28:29]} g5 {[%clk 0:06:21]} 23. Rde1
{[%clk 0:25:27]} Rd5 {[%clk 0:06:20]} 24. Qb4 {[%clk 0:24:38]} Qd7
{[%clk 0:02:05]} 25. Qg4 {[%clk 0:21:06]} h5 {[%clk 0:02:10]} 26. Qxh5
{[%clk 0:19:30]} Rxf5 {[%clk 0:02:39]} 27. Rxf5 {[%clk 0:18:25]} Qxf5
{[%clk 0:03:08]} 28. Rf1 {[%clk 0:16:47]} Qe5 {[%clk 0:02:39]} 29. Qf3
{[%clk 0:15:53]} Rh8 {[%clk 0:02:23]} 30. Rf2 {[%clk 0:13:17]} a5
{[%clk 0:01:19]} 31. Rd2 {[%clk 0:11:41]} Qe6 {[%clk 0:01:23]} 32. b3
{[%clk 0:11:23]} b4 {[%clk 0:00:48]} 33. Kg2 {[%clk 0:07:53]} Qh3+
{[%clk 0:01:03]} 34. Kg1 {[%clk 0:08:17]} Qe6 {[%clk 0:01:26]} 35. Kg2
{[%clk 0:07:42]} Qh3+ {[%clk 0:01:52]} 36. Kg1 {[%clk 0:08:02]} Qe6
{[%clk 0:02:20]} 37. Kg2 {[%clk 0:08:29]} g4 {[%clk 0:01:56]} 38. Qf4
{[%clk 0:07:13]} Rh5 {[%clk 0:02:15]} 39. Rd8 {[%clk 0:03:47]} Qf5
{[%clk 0:00:40]} 40. Qxf5 {[%clk 0:03:42]} Rxf5 {[%clk 0:01:10]} 41. Rc8
{[%clk 0:02:11]} Re5 {[%clk 0:29:19]} 42. Kf2 {[%clk 0:32:23]} Rh5
{[%clk 0:25:37]} 43. Kg1 {[%clk 0:31:02]} Re5 {[%clk 0:25:25]} 44. Bd4
{[%clk 0:25:16]} Re1+ {[%clk 0:23:20]} 45. Kf2 {[%clk 0:25:36]} Rh1
{[%clk 0:18:43]} 46. Kg2 {[%clk 0:24:34]} Rc1 {[%clk 0:18:28]} 47. Bxf6+
{[%clk 0:24:35]} Kxf6 {[%clk 0:14:01]} 48. Rxc6+ {[%clk 0:24:54]} e6
{[%clk 0:11:31]} 49. Rc8 {[%clk 0:24:24]} Rc2+ {[%clk 0:11:55]} 50. Kg1
{[%clk 0:24:47]} Rxa2 {[%clk 0:10:42]} 51. c6 {[%clk 0:23:18]} Ra1+
{[%clk 0:01:43]} 52. Kf2 {[%clk 0:23:27]} Ra2+ {[%clk 0:02:09]} 53. Ke3
{[%clk 0:22:28]} Rc2 {[%clk 0:01:47]} 54. Kf4 {[%clk 0:21:04]} Ke7
{[%clk 0:01:06]} 55. Ra8 {[%clk 0:20:02]} Kd6 {[%clk 0:00:43]} 56. Rxa5
{[%clk 0:19:48]} Rxh2 {[%clk 0:00:52]} 57. Rb5 {[%clk 0:19:33]} Rd2
{[%clk 0:00:36]} 58. Rxb4 {[%clk 0:19:55]} Kxc6 {[%clk 0:00:55]} 59. Ke5
{[%clk 0:16:04]} Re2+ {[%clk 0:01:03]} 60. Re4 {[%clk 0:16:20]} Rb2
{[%clk 0:00:47]} 61. b4 {[%clk 0:16:17]} Kd7 {[%clk 0:00:58]} 62. Rxg4
{[%clk 0:16:38]} Re2+ {[%clk 0:01:12]} 63. Re4 {[%clk 0:16:49]} Rb2
{[%clk 0:01:27]} 64. g4 {[%clk 0:17:07]} Ke7 {[%clk 0:01:53]} 65. g5
{[%clk 0:14:57]} Rg2 {[%clk 0:01:22]} 66. Kf4 {[%clk 0:15:15]} Kd6
{[%clk 0:00:51]} 67. Rd4+ {[%clk 0:15:09]} Kc6 {[%clk 0:00:33]} 68. Rd3
{[%clk 0:14:19]} e5+ {[%clk 0:00:53]} 69. Kf5 {[%clk 0:14:44]} e4
{[%clk 0:00:47]} 70. Rb3 {[%clk 0:13:28]} Kd5 {[%clk 0:00:41]} 71. b5
{[%clk 0:13:22]} Rf2+ {[%clk 0:00:41]} 72. Kg4 {[%clk 0:13:38]} Rg2+
{[%clk 0:01:00]} 73. Kh4 {[%clk 0:14:00]} Kd4 {[%clk 0:00:32]} 74. b6
{[%clk 0:14:20]} e3 {[%clk 0:00:58]} 75. b7 {[%clk 0:14:14]} e2 {[%clk 0:01:08]}
76. Rb1 {[%clk 0:14:42]} Rh2+ {[%clk 0:00:59]} 77. Kg3 {[%clk 0:15:00]} Rh8
{[%clk 0:01:22]} 78.